=LDR 00000nam 2200000 4500 =001 INLIS000000000033528 =005 20130612135458 =008 ***********************************ind** =035 ##$$0010-061300000033528 =041 ##$$a ind =082 ##$$a 658.401 2 =090 ##$$a 658.401 2, Mul s =100 ##$$a Mulyadi =245 ##$$a Sistem perencanaan dan pengendalian manajemen, Mulyadi =260 ##$$a 2001 $b Jakarta =300 ##$$a 861 hlm, 25 cm =650 ##$$a Perencanaan-Manajemen =850 ##$$a NBPNMAT